[Event "Northwest op"]
[Site "Seattle"]
[Date "2014.12.13"]
[Round "1"]
[White "Pupols, Viktors"]
[Black "Tan, Allan"]
[Result "1-0"]
[WhiteElo "2202"]
[BlackElo "1733"]
[PlyCount "35"]
[EventDate "2014.12.13"]
[EventType "swiss"]
[EventRounds "5"]
[EventCountry "USA"]
[SourceTitle "EXT 2017"]
[Source "ChessBase"]
[SourceDate "2016.10.25"]
[SourceVersion "1"]
[SourceVersionDate "2016.10.25"]
[SourceQuality "1"]

1. d4 Nf6 2. c4 e6 3. Nc3 Bb4 4. Bd2 b6 5. f3 Bb7 6. e4 d5 7. Qa4+ Nc6 8. cxd5 exd5 9. Bb5 0-0 10. Bxc6 Bxc6 11. Qxc6 dxe4 12. Nge2 exf3 13. Qxf3 Re8 14. 0-0-0 c5 15. Bg5 Bxc3 16. Nxc3 cxd4 17. Bxf6 gxf6 18. Qg4+ 1-0